| 000 | 00564nam a22001697a 4500 | ||
|---|---|---|---|
| 003 | NUST | ||
| 038 | _aNusrat Nadeem | ||
| 082 | _a200 | ||
| 100 |
_aAli, Muhammad _919316 |
||
| 245 |
_aForecasting Global Horizontal Irradiance in Pakistan to Optime Solar Energy Output using Deep Learning Techniques/ _c Muhammad Ali |
||
| 264 |
_aIslamabad; _bSEECS NUST; _c2024. |
||
| 300 | _a64,p; | ||
| 650 |
_aMS-Data Science _9123017 |
||
| 700 |
_aSupervisor: Dr. Arham Muslim _9104694 |
||
| 856 | _u http://10.250.8.41:8080/xmlui/handle/123456789/47038 | ||
| 942 |
_2ddc _cSC |
||
| 999 |
_c612045 _d612045 |
||